00580nam a2200181Ia 4500003000900000008004100009040001600050080001300066100002400079245011800103260003800221300001400259650004100273650002500314650002400339650001500363700002000378IN-BaIIA211028s9999 xx 000 0 eng d cIIA Library a519bWOR aWorthing, Archie G. 0aTreatment of experimental datacArchie G. Worthing and Joseph, Geffenr  aNew YorkbJohn Wiley & Sonsc1943 aix, 344p. aAstronomy and Astrophysics Thesaurus aStatistical Analysis aStatistical Methods aStatistics aGeffenr, Joseph